[Event "DSJ Weihnachtsturnier U20 2020"]
[Site "https://play.chessbase.com/en/play?room=DSJWeihnachtU20"]
[Date "2020.12.29"]
[Round "2"]
[White "Schön, Florian"]
[Black "Weidenhöfer, Max"]
[Result "0-1"]
[Termination "normal"]
[Board "20.1"]
[WhiteElo "1642"]
[BlackElo "1763"]
[WhiteTeam "VfB Schach Leipzig"]
[BlackTeam "TuS Varrel"]
[PlyCount "104"]
[WhiteFideId "16259394"]
[BlackFideId "16230566"]
[EventRounds "7"]
[EventType "team-swiss"]
[EventDate "2020.12.29"]

1. e4 {[%emt 0:00:03]} c6 {[%emt 0:00:03]} 2. d4 {[%emt 0:00:04]} d5 {[%emt
0:00:00]} 3. exd5 {[%emt 0:00:02]} cxd5 {[%emt 0:00:00]} 4. Bd3 {[%emt
0:00:02]} Nc6 {[%emt 0:00:04]} 5. c3 {[%emt 0:00:02]} Nf6 {[%emt 0:00:04]} 6.
Bf4 { [%emt 0:00:02]} Bg4 {[%emt 0:00:07]} 7. Nf3 {[%emt 0:00:09]} e6 {[%emt
0:00:14] } 8. Nbd2 {[%emt 0:00:03]} Bd6 {[%emt 0:00:07]} 9. Bg3 {[%emt
0:00:11]} O-O { [%emt 0:00:09]} 10. O-O {[%emt 0:00:02]} Bxg3 {[%emt 0:00:03]}
11. hxg3 { [%emt 0:00:02]} a6 {[%emt 0:00:06]} 12. Re1 {[%emt 0:00:04]} b5
{[%emt 0:00:10] } 13. a3 {[%emt 0:00:37]} Rb8 {[%emt 0:00:11]} 14. Qc2 {[%emt
0:00:06]} a5 { [%emt 0:00:05]} 15. Ne5 {[%emt 0:00:22]} Na7 {[%emt 0:01:07]}
16. Nxg4 { [%emt 0:00:09]} Nxg4 {[%emt 0:00:00]} 17. Bxh7+ {[%emt 0:00:03]} Kh8
{[%emt 0:00:01]} 18. Bd3 {[%emt 0:00:14]} Qf6 {[%emt 0:00:04]} 19. Nf3 {[%emt
0:00:24]} Qh6 {[%emt 0:00:15]} 20. Qc1 {[%emt 0:00:10]} Qf6 {[%emt 0:00:49]}
21. Qg5 { [%emt 0:00:05]} Qxg5 {[%emt 0:00:01]} 22. Nxg5 {[%emt 0:00:02]} Nc6
{[%emt 0:00:14]} 23. f3 {[%emt 0:00:36]} Nf6 {[%emt 0:00:13]} 24. Kf2 {[%emt
0:00:02]} b4 {[%emt 0:00:04]} 25. Rh1+ {[%emt 0:00:18]} Kg8 {[%emt 0:00:04]}
26. Nh7 { [%emt 0:00:24]} Nxh7 {[%emt 0:00:25]} 27. Bxh7+ {[%emt 0:00:03]} Kh8
{[%emt 0:00:01]} 28. Rh2 {[%emt 0:00:15]} g5 {[%emt 0:00:04]} 29. Rah1 {[%emt
0:00:06]} Kg7 {[%emt 0:00:03]} 30. Bd3 {[%emt 0:00:25]} bxc3 {[%emt 0:00:12]}
31. bxc3 { [%emt 0:00:19]} Rb3 {[%emt 0:00:01]} 32. Rh7+ {[%emt 0:00:15]} Kf6
{[%emt 0:00:07]} 33. Ke3 {[%emt 0:00:40]} Rxc3 {[%emt 0:00:04]} 34. a4 {[%emt
0:00:03]} Nb4 {[%emt 0:00:02]} 35. Rd1 {[%emt 0:00:03]} Ra3 {[%emt 0:00:15]}
36. f4 {[%emt 0:00:32]} gxf4+ {[%emt 0:00:05]} 37. gxf4 {[%emt 0:00:02]} Rc8
{[%emt 0:00:03]} 38. Ke2 {[%emt 0:00:30]} Rxa4 {[%emt 0:01:08]} 39. Bb5 {[%emt
0:00:32]} Ra2+ { [%emt 0:00:23]} 40. Kf3 {[%emt 0:00:02]} Rc3+ {[%emt 0:00:07]}
41. Kg4 { [%emt 0:00:03]} Rxg2+ {[%emt 0:00:02]} 42. Kh4 {[%emt 0:00:10]} Rh2+
{[%emt 0:00:02]} 43. Kg4 {[%emt 0:00:01]} Rxh7 {[%emt 0:00:02]} 44. Ra1 {[%emt
0:00:05]} Rhh3 {[%emt 0:00:07]} 45. Rg1 {[%emt 0:00:07]} Kg6 {[%emt 0:00:13]}
46. f5+ { [%emt 0:00:11]} exf5+ {[%emt 0:00:06]} 47. Kf4+ {[%emt 0:00:02]} Kf6
{[%emt 0:00:01]} 48. Be2 {[%emt 0:00:16]} Rh4+ {[%emt 0:00:05]} 49. Bg4 {[%emt
0:00:07]} Rxg4+ {[%emt 0:00:06]} 50. Rxg4 {[%emt 0:00:02]} fxg4 {[%emt
0:00:00]} 51. Kxg4 {[%emt 0:00:01]} a4 {[%emt 0:00:03]} 52. Kf4 {[%emt
0:00:02]} a3 {[%emt 0:00:01]} 0-1

[Event "DSJ Weihnachtsturnier U20 2020"]
[Site "https://play.chessbase.com/en/play?room=DSJWeihnachtU20"]
[Date "2020.12.29"]
[Round "2"]
[White "Rehpenn, Tom"]
[Black "Feilhauer, Janick"]
[Result "0-1"]
[Termination "normal"]
[Board "20.2"]
[WhiteElo "1419"]
[BlackElo "1488"]
[WhiteTeam "TuS Varrel"]
[BlackTeam "VfB Schach Leipzig"]
[PlyCount "142"]
[WhiteFideId "16254708"]
[BlackFideId "16266358"]
[EventRounds "7"]
[EventType "team-swiss"]
[EventDate "2020.12.29"]

1. e4 {[%emt 0:00:06]} d5 {[%emt 0:00:05]} 2. Nc3 {[%emt 0:00:39]} d4 {[%emt
0:00:05]} 3. Nce2 {[%emt 0:01:01]} e5 {[%emt 0:00:03]} 4. d3 {[%emt 0:00:07]}
c5 {[%emt 0:00:05]} 5. Nf3 {[%emt 0:00:04]} Nc6 {[%emt 0:00:02]} 6. g3 {[%emt
0:00:07]} Nf6 {[%emt 0:00:31]} 7. Bg5 {[%emt 0:00:07]} Be7 {[%emt 0:00:03]} 8.
Bg2 {[%emt 0:00:06]} O-O {[%emt 0:00:09]} 9. O-O {[%emt 0:00:05]} h6 {[%emt
0:00:55]} 10. Bh4 {[%emt 0:00:24]} g5 {[%emt 0:00:16]} 11. Nxg5 {[%emt
0:00:02]} hxg5 {[%emt 0:00:02]} 12. Bxg5 {[%emt 0:00:03]} Nh7 {[%emt 0:00:17]}
13. Bh6 { [%emt 0:00:06]} Re8 {[%emt 0:00:11]} 14. f4 {[%emt 0:00:24]} Bg4
{[%emt 0:00:31]} 15. h3 {[%emt 0:00:10]} Bxe2 {[%emt 0:00:23]} 16. Qxe2 {[%emt
0:00:04]} Qd6 {[%emt 0:00:49]} 17. Qg4+ {[%emt 0:00:23]} Qg6 {[%emt 0:00:32]}
18. Qxg6+ { [%emt 0:00:14]} fxg6 {[%emt 0:00:02]} 19. fxe5 {[%emt 0:00:11]}
Nxe5 {[%emt 0:00:20]} 20. Rf4 {[%emt 0:00:22]} Bg5 {[%emt 0:00:27]} 21. Bxg5
{[%emt 0:00:07]} Nxg5 {[%emt 0:00:02]} 22. Raf1 {[%emt 0:00:32]} Rf8 {[%emt
0:00:04]} 23. Rxf8+ {[%emt 0:00:45]} Rxf8 {[%emt 0:00:03]} 24. Rxf8+ {[%emt
0:00:03]} Kxf8 { [%emt 0:00:02]} 25. h4 {[%emt 0:00:01]} Nh7 {[%emt 0:00:37]}
26. Kf2 {[%emt 0:00:08]} Nf6 {[%emt 0:00:13]} 27. Bh3 {[%emt 0:00:14]} Nfg4+
{[%emt 0:00:16]} 28. Bxg4 {[%emt 0:00:03]} Nxg4+ {[%emt 0:00:02]} 29. Kf3
{[%emt 0:00:02]} Ne3 { [%emt 0:00:01]} 30. c3 {[%emt 0:00:10]} Kf7 {[%emt
0:00:17]} 31. cxd4 {[%emt 0:00:08]} cxd4 {[%emt 0:00:03]} 32. Kf4 {[%emt
0:00:05]} Kf6 {[%emt 0:00:02]} 33. g4 {[%emt 0:00:10]} Ng2+ {[%emt 0:00:42]}
34. Kg3 {[%emt 0:00:18]} Ne1 { [%emt 0:00:04]} 35. g5+ {[%emt 0:00:19]} Kg7
{[%emt 0:00:34]} 36. e5 {[%emt 0:00:34]} Nxd3 {[%emt 0:00:04]} 37. e6 {[%emt
0:00:07]} Nc5 {[%emt 0:00:02]} 38. e7 {[%emt 0:00:28]} Kf7 {[%emt 0:00:02]} 39.
e8=Q+ {[%emt 0:00:22]} Kxe8 { [%emt 0:00:02]} 40. Kf4 {[%emt 0:00:01]} d3
{[%emt 0:00:04]} 41. Ke3 {[%emt 0:00:07]} Kf7 {[%emt 0:00:06]} 42. b4 {[%emt
0:00:09]} d2 {[%emt 0:00:04]} 43. Kxd2 {[%emt 0:00:10]} Ne6 {[%emt 0:00:14]}
44. Kc3 {[%emt 0:00:10]} b5 { [%emt 0:00:30]} 45. Kd3 {[%emt 0:00:16]} Nf4+
{[%emt 0:00:30]} 46. Kd4 { [%emt 0:00:02]} Ng2 {[%emt 0:00:01]} 47. Kc5 {[%emt
0:00:01]} a6 {[%emt 0:00:02]} 48. Kb6 {[%emt 0:00:03]} Nxh4 {[%emt 0:00:01]}
49. Kxa6 {[%emt 0:00:02]} Nf3 {[%emt 0:00:11]} 50. Kxb5 {[%emt 0:00:01]} Nxg5
{[%emt 0:00:01]} 51. Kc6 { [%emt 0:00:04]} Ne6 {[%emt 0:00:05]} 52. b5 {[%emt
0:00:04]} g5 {[%emt 0:00:01] } 53. b6 {[%emt 0:00:03]} g4 {[%emt 0:00:01]} 54.
b7 {[%emt 0:00:02]} Nd8+ { [%emt 0:00:01]} 55. Kd5 {[%emt 0:00:27]} Nxb7 {[%emt
0:00:03]} 56. Ke4 { [%emt 0:00:01]} Kg6 {[%emt 0:00:08]} 57. Kf4 {[%emt
0:00:04]} Kh5 {[%emt 0:00:01]} 58. Kg3 {[%emt 0:00:01]} Kg5 {[%emt 0:00:04]}
59. a4 {[%emt 0:00:04]} Na5 {[%emt 0:00:02]} 60. Kg2 {[%emt 0:00:08]} Kf4
{[%emt 0:00:03]} 61. Kf2 { [%emt 0:00:03]} g3+ {[%emt 0:00:01]} 62. Kg2 {[%emt
0:00:01]} Kg4 {[%emt 0:00:01]} 63. Kg1 {[%emt 0:00:26]} Kf3 {[%emt 0:00:02]}
64. Kf1 {[%emt 0:00:09]} g2+ {[%emt 0:00:02]} 65. Kg1 {[%emt 0:00:01]} Nb3
{[%emt 0:00:01]} 66. a5 {[%emt 0:00:06]} Nxa5 {[%emt 0:00:01]} 67. Kh2 {[%emt
0:00:03]} Kf2 {[%emt 0:00:01]} 68. Kh3 {[%emt 0:00:01]} g1=Q {[%emt 0:00:02]}
69. Kh4 {[%emt 0:00:01]} Kf3 { [%emt 0:00:01]} 70. Kh5 {[%emt 0:00:01]} Kf4
{[%emt 0:00:02]} 71. Kh4 {[%emt 0:00:03]} Qg4# {[%emt 0:00:02]} 0-1

[Event "DSJ Weihnachtsturnier U20 2020"]
[Site "https://play.chessbase.com/en/play?room=DSJWeihnachtU20"]
[Date "2020.12.29"]
[Round "2"]
[White "Hix, Jonathan"]
[Black "Conrad, Max"]
[Result "0-1"]
[Termination "normal"]
[Board "21.4"]
[WhiteElo "795"]
[BlackElo "1306"]
[WhiteTeam "SGem Aschheim/Feldkirchen/Kirchheim 3"]
[BlackTeam "Barnimer Schachfreunde im SV Stahl Finow"]
[PlyCount "104"]
[WhiteFideId "34634630"]
[BlackFideId "16265572"]
[EventRounds "7"]
[EventType "team-swiss"]
[EventDate "2020.12.29"]

1. d4 {[%emt 0:01:04]} d5 {[%emt 0:00:05]} 2. Nc3 {[%emt 0:00:06]} e6 {[%emt
0:00:03]} 3. e4 {[%emt 0:00:04]} c6 {[%emt 0:00:05]} 4. e5 {[%emt 0:00:06]} f5
{ [%emt 0:00:08]} 5. Bd3 {[%emt 0:00:06]} Be7 {[%emt 0:00:21]} 6. Nf3 {[%emt
0:00:03]} Nh6 {[%emt 0:00:02]} 7. O-O {[%emt 0:00:06]} O-O {[%emt 0:00:06]} 8.
Be3 {[%emt 0:00:32]} Ng4 {[%emt 0:00:16]} 9. Bf4 {[%emt 0:00:06]} g5 {[%emt
0:00:16]} 10. Bg3 {[%emt 0:00:23]} f4 {[%emt 0:00:08]} 11. Nd2 {[%emt 0:00:27]}
Nh6 {[%emt 0:00:36]} 12. Qh5 {[%emt 0:00:17]} Kg7 {[%emt 0:00:11]} 13. Bxf4 {
[%emt 0:01:14]} Rxf4 {[%emt 0:00:20]} 14. Nf3 {[%emt 0:00:28]} Bd7 {[%emt
0:00:10]} 15. Ne2 {[%emt 0:00:06]} Rf8 {[%emt 0:00:07]} 16. Ng3 {[%emt
0:00:15]} Be8 {[%emt 0:00:06]} 17. Qg4 {[%emt 0:00:08]} Nxg4 {[%emt 0:00:05]}
18. Nh5+ { [%emt 0:00:03]} Bxh5 {[%emt 0:00:04]} 19. h3 {[%emt 0:00:19]} Nh6
{[%emt 0:00:07]} 20. Be2 {[%emt 0:00:12]} Nd7 {[%emt 0:00:09]} 21. b3 {[%emt
0:00:18]} Bxf3 {[%emt 0:00:07]} 22. Bxf3 {[%emt 0:00:18]} Nf5 {[%emt 0:00:06]}
23. Bg4 { [%emt 0:00:23]} Kg6 {[%emt 0:00:18]} 24. c4 {[%emt 0:00:39]} h5
{[%emt 0:00:05] } 25. Be2 {[%emt 0:00:09]} Nxd4 {[%emt 0:00:10]} 26. Bd3+
{[%emt 0:00:02]} Nf5 {[%emt 0:00:06]} 27. Bxf5+ {[%emt 0:00:10]} Rxf5 {[%emt
0:00:05]} 28. Rae1 { [%emt 0:00:09]} Rxe5 {[%emt 0:00:13]} 29. Rxe5 {[%emt
0:00:06]} Nxe5 {[%emt 0:00:03]} 30. Re1 {[%emt 0:00:11]} Qc7 {[%emt 0:00:03]}
31. a3 {[%emt 0:00:09]} Rf8 {[%emt 0:00:04]} 32. a4 {[%emt 0:00:06]} g4 {[%emt
0:00:04]} 33. hxg4 { [%emt 0:00:06]} hxg4 {[%emt 0:00:08]} 34. Rd1 {[%emt
0:00:30]} Bh4 {[%emt 0:00:11]} 35. g3 {[%emt 0:00:03]} Nf3+ {[%emt 0:00:07]}
36. Kg2 {[%emt 0:00:04]} Bg5 {[%emt 0:00:13]} 37. Rh1 {[%emt 0:00:05]} Qg7
{[%emt 0:00:21]} 38. Rb1 { [%emt 0:00:13]} Rh8 {[%emt 0:00:04]} 39. Rb2 {[%emt
0:00:09]} Qh7 {[%emt 0:00:08]} 40. Kf1 {[%emt 0:00:07]} Qh1+ {[%emt 0:00:06]}
41. Ke2 {[%emt 0:00:02]} Qe1+ {[%emt 0:00:08]} 42. Kd3 {[%emt 0:00:02]} Qd1+
{[%emt 0:00:10]} 43. Kc3 { [%emt 0:00:03]} Bf6+ {[%emt 0:00:06]} 44. Kb4 {[%emt
0:00:02]} Qe1+ {[%emt 0:00:06]} 45. Ka3 {[%emt 0:00:05]} Bxb2+ {[%emt 0:00:07]}
46. Kxb2 {[%emt 0:00:02]} Nd4 {[%emt 0:00:04]} 47. Ka3 {[%emt 0:00:04]} Qb1
{[%emt 0:00:05]} 48. Kb4 {[%emt 0:00:03]} Qxb3+ {[%emt 0:00:02]} 49. Kc5 {[%emt
0:00:02]} Qb6+ {[%emt 0:00:12]} 50. Kd6 {[%emt 0:00:03]} Rd8+ {[%emt 0:00:06]}
51. Ke5 {[%emt 0:00:06]} Nf3+ {[%emt 0:00:05]} 52. Kxe6 {[%emt 0:00:06]} Qe3+
{[%emt 0:00:07]} 0-1

[Event "DSJ Weihnachtsturnier U20 2020"]
[Site "https://play.chessbase.com/en/play?room=DSJWeihnachtU20"]
[Date "2020.12.29"]
[Round "2"]
[White "Ruff, Korbinian"]
[Black "Mark, Philipp"]
[Result "0-1"]
[Termination "normal"]
[Board "22.1"]
[WhiteElo "1469"]
[BlackElo "1702"]
[WhiteTeam "SGem Aschheim/Feldkirchen/Kirchheim 2"]
[BlackTeam "SC Windischeschenbach"]
[PlyCount "44"]
[WhiteFideId "34607838"]
[BlackFideId "16260929"]
[EventRounds "7"]
[EventType "team-swiss"]
[EventDate "2020.12.29"]

1. d3 {[%emt 0:00:02]} Nf6 {[%emt 0:00:09]} 2. d4 {[%emt 0:00:05]} e6 {[%emt
0:00:05]} 3. c4 {[%emt 0:00:01]} b6 {[%emt 0:00:06]} 4. Nc3 {[%emt 0:00:05]}
Bb4 {[%emt 0:00:01]} 5. a3 {[%emt 0:00:01]} Bxc3+ {[%emt 0:00:01]} 6. bxc3 {
[%emt 0:00:00]} Bb7 {[%emt 0:00:02]} 7. f3 {[%emt 0:00:02]} d5 {[%emt 0:00:04]}
8. cxd5 {[%emt 0:00:01]} exd5 {[%emt 0:00:02]} 9. Bg5 {[%emt 0:00:01]} O-O {
[%emt 0:00:03]} 10. Nh3 {[%emt 0:00:04]} Re8 {[%emt 0:00:26]} 11. e3 {[%emt
0:00:16]} h6 {[%emt 0:00:12]} 12. Bxf6 {[%emt 0:00:08]} Qxf6 {[%emt 0:00:13]}
13. Qd2 {[%emt 0:00:03]} Qe6 {[%emt 0:01:01]} 14. Kf2 {[%emt 0:00:26]} Nd7 {
[%emt 0:00:27]} 15. Bd3 {[%emt 0:00:02]} Nf6 {[%emt 0:00:17]} 16. Nf4 {[%emt
0:00:07]} Qd6 {[%emt 0:00:32]} 17. Rac1 {[%emt 0:01:02]} Qxa3 {[%emt 0:00:29]}
18. Rhd1 {[%emt 0:00:03]} Qd6 {[%emt 0:00:18]} 19. Bb1 {[%emt 0:00:07]} Re7 {
[%emt 0:00:30]} 20. Qc2 {[%emt 0:00:13]} Rae8 {[%emt 0:00:42]} 21. Nh5 { [%emt
0:00:13]} g6 {[%emt 0:00:38]} 22. Nf4 {[%emt 0:00:22]} Rxe3 {[%emt 0:00:10]
Aschhm2-001 gibt auf} 0-1

[Event "DSJ Weihnachtsturnier U20 2020"]
[Site "https://play.chessbase.com/en/play?room=DSJWeihnachtU20"]
[Date "2020.12.29"]
[Round "2"]
[White "Denz, Johannes"]
[Black "Müller, Fabian"]
[Result "1-0"]
[Termination "normal"]
[Board "22.2"]
[WhiteElo "1402"]
[BlackElo "964"]
[WhiteTeam "SC Windischeschenbach"]
[BlackTeam "SGem Aschheim/Feldkirchen/Kirchheim 2"]
[PlyCount "57"]
[WhiteFideId "34627324"]
[BlackFideId "34607846"]
[EventRounds "7"]
[EventType "team-swiss"]
[EventDate "2020.12.29"]

1. e4 {[%emt 0:00:09] Aschhm2-002 reconnected.} e6 {[%emt 0:00:11]} 2. Nf3 {
[%emt 0:00:02]} d5 {[%emt 0:00:02]} 3. Nc3 {[%emt 0:00:03]} c5 {[%emt 0:00:06]}
4. d4 {[%emt 0:00:05]} Nf6 {[%emt 0:00:09]} 5. e5 {[%emt 0:00:03]} cxd4 { [%emt
0:00:16]} 6. Qxd4 {[%emt 0:00:43]} Nfd7 {[%emt 0:00:12]} 7. Bg5 {[%emt
0:00:02]} Be7 {[%emt 0:00:04]} 8. Bxe7 {[%emt 0:00:07]} Qxe7 {[%emt 0:00:00]}
9. Nb5 {[%emt 0:00:10]} Nb6 {[%emt 0:00:27]} 10. Nd6+ {[%emt 0:00:23]} Kd8 {
[%emt 0:00:19]} 11. Ng5 {[%emt 0:00:35]} Rf8 {[%emt 0:00:02]} 12. Nxh7 { [%emt
0:00:24]} Nc6 {[%emt 0:00:02]} 13. Qf4 {[%emt 0:00:32]} f6 {[%emt 0:00:29]} 14.
Nxf8 {[%emt 0:01:24]} Qxf8 {[%emt 0:00:00]} 15. Nxc8 {[%emt 0:00:32]} Rxc8
{[%emt 0:00:10]} 16. exf6 {[%emt 0:00:02]} gxf6 {[%emt 0:00:05]} 17. a3 { [%emt
0:00:34]} e5 {[%emt 0:00:11]} 18. Qh4 {[%emt 0:00:05]} Nd4 {[%emt 0:00:11]} 19.
Bd3 {[%emt 0:01:26]} Qg7 {[%emt 0:00:18]} 20. f3 {[%emt 0:00:11]} Rc6 {[%emt
0:00:19]} 21. O-O {[%emt 0:00:15]} Nc4 {[%emt 0:00:39]} 22. Bxc4 { [%emt
0:00:12]} Rxc4 {[%emt 0:00:05]} 23. c3 {[%emt 0:00:01]} Ne2+ {[%emt 0:00:14]}
24. Kf2 {[%emt 0:00:02]} Nf4 {[%emt 0:00:07]} 25. Qg3 {[%emt 0:00:17]} Nd3+
{[%emt 0:00:14]} 26. Kg1 {[%emt 0:00:02]} Qe7 {[%emt 0:00:10]} 27. Qg8+ { [%emt
0:00:19]} Kd7 {[%emt 0:00:05]} 28. Qxd5+ {[%emt 0:00:02]} Qd6 {[%emt 0:00:10]}
29. Qxc4 {[%emt 0:00:16]} 1-0

[Event "DSJ Weihnachtsturnier U20 2020"]
[Site "https://play.chessbase.com/en/play?room=DSJWeihnachtU20"]
[Date "2020.12.29"]
[Round "2"]
[White "Zurbuchen, Felix"]
[Black "Lamm, Simon"]
[Result "1-0"]
[Termination "normal"]
[Board "22.3"]
[WhiteElo "1378"]
[BlackElo "1569"]
[WhiteTeam "SGem Aschheim/Feldkirchen/Kirchheim 2"]
[BlackTeam "SC Windischeschenbach"]
[PlyCount "41"]
[BlackFideId "16203003"]
[EventRounds "7"]
[EventType "team-swiss"]
[EventDate "2020.12.29"]

1. e4 {[%emt 0:00:11]} e6 {[%emt 0:00:02]} 2. d4 {[%emt 0:00:17]} d5 {[%emt
0:00:02]} 3. exd5 {[%emt 0:00:09]} exd5 {[%emt 0:00:02]} 4. Nf3 {[%emt
0:00:13]} Nf6 {[%emt 0:00:13]} 5. Bd3 {[%emt 0:00:06]} Bd6 {[%emt 0:00:14]} 6.
O-O { [%emt 0:00:03]} O-O {[%emt 0:00:03]} 7. c3 {[%emt 0:00:04]} Bg4 {[%emt
0:00:06] } 8. Bg5 {[%emt 0:00:03]} Nbd7 {[%emt 0:00:25]} 9. Nbd2 {[%emt
0:00:03]} h6 { [%emt 0:00:08]} 10. Bh4 {[%emt 0:00:04]} c5 {[%emt 0:00:28]} 11.
dxc5 {[%emt 0:00:13]} Bxc5 {[%emt 0:00:03]} 12. Qc2 {[%emt 0:00:05]} Re8 {[%emt
0:00:56]} 13. h3 {[%emt 0:00:15]} Bxf3 {[%emt 0:01:13]} 14. Nxf3 {[%emt
0:00:00]} Qb6 { [%emt 0:00:52]} 15. Bg3 {[%emt 0:00:21]} Ne4 {[%emt 0:00:45]}
16. Bf4 {[%emt 0:00:13]} Ndf6 {[%emt 0:00:38]} 17. Rae1 {[%emt 0:00:24]} Re6
{[%emt 0:00:51]} 18. Be3 {[%emt 0:00:07]} Bxe3 {[%emt 0:00:55]} 19. Rxe3 {[%emt
0:00:00]} Nxf2 { [%emt 0:00:28]} 20. Rxe6 {[%emt 0:00:37]} Nxd3+ {[%emt
0:00:33]} 21. Rxb6 { [%emt 0:00:04]} 1-0

[Event "DSJ Weihnachtsturnier U20 2020"]
[Site "https://play.chessbase.com/en/play?room=DSJWeihnachtU20"]
[Date "2020.12.29"]
[Round "2"]
[White "Schubert, Stanislav"]
[Black "Mudan, Gaurav Singh"]
[Result "1-0"]
[Termination "normal"]
[Board "22.4"]
[WhiteElo "1658"]
[BlackElo "883"]
[WhiteTeam "SC Windischeschenbach"]
[BlackTeam "SGem Aschheim/Feldkirchen/Kirchheim 2"]
[PlyCount "47"]
[WhiteFideId "16202660"]
[BlackFideId "34634606"]
[EventRounds "7"]
[EventType "team-swiss"]
[EventDate "2020.12.29"]

1. e4 {[%emt 0:00:15]} e5 {[%emt 0:00:06]} 2. Nf3 {[%emt 0:00:06]} Nc6 { [%emt
0:00:02]} 3. Bc4 {[%emt 0:00:04]} Nf6 {[%emt 0:00:05]} 4. d4 {[%emt 0:00:14]}
exd4 {[%emt 0:00:29]} 5. e5 {[%emt 0:00:06]} Ng4 {[%emt 0:00:37]} 6. Bxf7+
{[%emt 0:00:45]} Kxf7 {[%emt 0:00:11]} 7. Ng5+ {[%emt 0:00:05]} Kg8 {[%emt
0:00:26]} 8. Qxg4 {[%emt 0:00:10]} Nxe5 {[%emt 0:00:22]} 9. Qf5 {[%emt
0:00:06]} Qe7 {[%emt 0:00:13]} 10. O-O {[%emt 0:00:13]} d6 {[%emt 0:00:16]} 11.
Qe4 { [%emt 0:00:24]} g6 {[%emt 0:00:40]} 12. Qd5+ {[%emt 0:00:43]} Kg7 {[%emt
0:00:06]} 13. f4 {[%emt 0:00:31]} c6 {[%emt 0:00:20]} 14. Qxd4 {[%emt 0:00:29]}
h6 { [%emt 0:00:38]} 15. fxe5 {[%emt 0:00:24]} hxg5 {[%emt 0:00:14]} 16. exd6+
{ [%emt 0:00:02]} Kg8 {[%emt 0:00:11]} 17. dxe7 {[%emt 0:00:02]} Bxe7 {[%emt
0:00:00]} 18. Qc4+ {[%emt 0:00:39]} Kg7 {[%emt 0:00:10]} 19. Qf7+ {[%emt
0:00:09] } Kh6 {[%emt 0:00:06]} 20. Qxe7 {[%emt 0:00:08]} Bf5 {[%emt 0:00:10]}
21. Qxg5+ {[%emt 0:00:08]} Kg7 {[%emt 0:00:05]} 22. Rxf5 {[%emt 0:00:12]} Rae8
{[%emt 0:00:26]} 23. Qf6+ {[%emt 0:00:24]} Kg8 {[%emt 0:00:13]} 24. Qf7# {[%emt
0:00:03] } 1-0